Most expensive football transfers - Right-Backs - 2013-2014 Season - Statistics

General Stats
  • This quiz has been taken 11 times
  • The average score is 4 of 10
Answer Stats
Fee (M €) Nationality Left Joined Player % Correct
20,00 Spain Sevilla FC Manchester City Jesús Navas
100%
6,50 Spain Bayer Leverkusen Real Madrid Daniel Carvajal
91%
4,88 Croatia Dinamo Zagreb Genoa Sime Vrsaljko
45%
3,00 Greece Panathinaikos Sunderland Charalampos Mavrias
27%
3,00 Italy Inter Bayer Leverkusen Giulio Donati
27%
2,40 Uruguay Peñarol Manchester United U21 Guillermo Varela
27%
3,00 Russia Anzhi Loko Moskow Arseniy Logashov
18%
3,40 Brazil Ponte Preta Santos Cicinho
18%
3,72 Argentina Vélez Sarsfield Catania Gino Peruzzi
18%
6,00 Russia Krasnodar Zenti S-Pb Igor Smolnikov
18%
No matching quizzes found
Score Distribution
Percent of People with Each Score
Percentile by Number Answered
Your Score History
You have not taken this quiz